Sports Quiz

Random Sports Quiz

AFL Premiership Winners 1982-2015 Quiz Stats

 Plays Quiz not verified by Sporcle

Score 0/34 Timer 03:00
0 Plays Today
Hint Answer % Correct
1983Hawthorn Hawks
99.1%
1986Hawthorn Hawks
99.1%
1988Hawthorn Hawks
99.1%
1989Hawthorn Hawks
99.1%
1991Hawthorn Hawks
99.1%
2008Hawthorn Hawks
99.1%
2013Hawthorn Hawks
99.1%
2014Hawthorn Hawks
99.1%
2015Hawthorn Hawks
99.1%
2005Sydney Swans
98.8%
2012Sydney Swans
98.8%
2007Geelong Cats
98.2%
2009Geelong Cats
98.2%
2011Geelong Cats
98.2%
1990Collingwood Magpies
97.6%
2010Collingwood Magpies
97.6%
2001Brisbane Lions
97.3%
Hint Answer % Correct
2002Brisbane Lions
97.3%
2003Brisbane Lions
97.3%
1984Essendon Bombers
96.3%
1985Essendon Bombers
96.3%
1993Essendon Bombers
96.3%
2000Essendon Bombers
96.3%
1982Carlton Blues
96%
1987Carlton Blues
96%
1995Carlton Blues
96%
1997Adelaide Crows
96%
1998Adelaide Crows
96%
1992West Coast Eagles
95.7%
1994West Coast Eagles
95.7%
1996North Melbourne Kangaroos
95.7%
2006West Coast Eagles
95.7%
2004Port Adelaide
93.6%
1999North Melbourne Kangaroos
93%

You're not logged in!

Compare scores with friends on all Sporcle quizzes.
OR
Log In

Sporcle TV

Today on Sporcle TV


Watch our educational content, quiz creation guides, and fun videos on Sporcle TV.

Show Comments

Extras

Created Aug 12, 2016ReportNominate
Tags:AFL, AFL Premiership, winner

Top Quizzes Today


Score Distribution

Your Account Isn't Verified!

In order to create a playlist on Sporcle, you need to verify the email address you used during registration. Go to your Sporcle Settings to finish the process.

Report this User

Report this user for behavior that violates our Community Guidelines.

Details: